000 00529nam a22001817a 4500
005 20250219143136.0
010 _aENG-143878
020 _c500.00
_a978192805733
035 _aEN-127410
037 _bDBAD
082 _a303.482
100 _aKumar Naresh
_978094
245 _aWorld Globalisation
_cEdited by Naresh Kumar
_bEffect And Impact
260 _aGuwahati
_bVivek Books
_c2015
270 _bGuwahti
_aH. No.- 31, Lal Ganesh, Guwahti
300 _a240Hd
_c23cm(pbk)
942 _2ddc
_cEN
_h303.482
_mKUM
999 _c209444
_d209444